000 00411nam a2200157Ia 4500
008 240729s9999 xx 000 0 und d
022 _a0975-1009
245 0 _aIndian Journal of Experimental Biology
260 _aIndia
260 _bCSIR-NIScPR
650 _a Biology (General)
650 _aScience
856 _uhttps://doaj.org/toc/7f25f32f7de24e85a43707cc0150b378
942 _2ddc
942 _cDOAJEJ
999 _c72821
_d72821
945 _a1
_bMadushi Gamage
_c1
_dMadushi Gamage